00428nam a22000977a 4500008004100000050002700041100002700068245016200095260005400257300001900311210115b xxu||||| |||| 00| 0 eng d aGME0236b.K56 2018 c.1 aKimame, Leslie Simatwa aInfluence of Student councils in Curbing Frequency of Student Unrests in Public Boys Boarding Secondary Schools in Elgon Sub-county, Kenya cLeslie S. Kimame aKabarak, Nakuru, KenyabKabarak University c2018 axiv,107leaves